Algebra y trigonometría /

Guardado en:
Autor Principal: Smith, Stanley A.
Otros Autores: Charles, Randall I., Bittinger, Marvin L.
Formato: Libro
Publicado: Buenos Aires : Addison Wesley Longman, 1998
Materias:
Etiquetas: Agregar Etiqueta
Sin Etiquetas, Sea el primero en etiquetar este registro!
LEADER 01431nam a22002415a 4500
001 CEM.cems009866
008 130507s1998##################000#0#####d
005 20241220094503.0
245 1 0 |a Algebra y trigonometría /  |c Stanley A. Smith , Randall I. Charles, Marvin L. Bittinger 
260 |a Buenos Aires :  |b Addison Wesley Longman,  |c 1998 
300 |a 1027 p. 
505 0 |a Números reales, algebra y solución de problemas -- Ecuaciones y desigualdades -- Relaciones, funciones y gráficas -- Sistemas de ecuaciones y resolución de problemas -- Polinomios y ecuaciones polinómicas -- Expresiones racionales y ecuaciones -- Potencias, raíces y números complejos -- Ecuaciones cuadráticas -- Funciones cuadráticas y transformaciones -- Ecuaciones de segundo grado -- Funciones polinómicas -- Funciones exponenciales y funciones logarítmcas Matrices y determinantes -- Sucesiones, series e inducción matemática -- Conteo y probabilidad -- Estadística y análisis de datos -- Funciones trigonométricas -- Identidades y ecuaciones trigonométricas 
020 |a 9684442971 
100 1 |a Smith, Stanley A. 
700 1 |a Charles, Randall I. 
700 1 |a Bittinger, Marvin L. 
082 0 4 |a 514 
653 |a Algebra 
653 |a Matrices 
653 |a Trigonometría 
653 |a Matemática 
859 |a CEMS  |b BIB. CEMS - Agricultura  |h 514  |i Sm65  |p A0032.00  |t Ej.1 
859 |a CEMS  |b BIB. CEMS - 11 de abril  |h 514  |i Sm65  |p 20676.99  |t Ej.2